Statistics for Top 10 Portland Trail Blazers NBA Starters

Click here to take the quiz!

General Stats

  • This quiz has been taken 111 times
  • The average score is 15 of 31

Answer Stats

TeamPlayer% Correct
2013-14, 2018-19Damian Lillard
98%
1989-90, 1990-91, 1991-92Clyde Drexler
92%
1976-77, 1977-78Bill Walton
91%
2018-19CJ McCollum
88%
2013-14LaMarcus Aldridge
81%
2018-19Jusuf Nurkić
80%
1989-90, 1990-91, 1991-92Terry Porter
74%
1998-99, 1999-00Arvydas Sabonis
66%
1999-00Scottie Pippen
66%
1998-99, 1999-00Rasheed Wallace
62%
1989-90, 1990-91, 1991-92Buck Williams
61%
1998-99, 1999-00Damon Stoudamire
60%
1989-90, 1990-91, 1991-92Jerome Kersey
49%
1999-00Steve Smith
49%
1976-77, 1977-78Maurice Lucas
46%
1989-90, 1990-91, 1991-92Kevin Duckworth
44%
2013-14Nicolas Batum
43%
2018-19Al-Farouq Aminu
42%
2013-14Wesley Matthews
39%
2018-19Maurice Harkless
38%
2013-14Robin Lopez
28%
1976-77, 1977-78Johnny Davis
27%
1998-99Brian Grant
23%
1982-83Jim Paxson
23%
1982-83Mychal Thompson
21%
1998-99Isaiah Rider
20%
1976-77, 1977-78Lionel Hollins
16%
1976-77, 1977-78Bob Gross
12%
1982-83Wayne Cooper
9%
1982-83Calvin Natt
7%
1982-83Fat Lever
4%

Score Distribution

Percentile by Number Answered

Percent of People with Each Score

Your Score History

You have not taken this quiz